Normal view
MARC view
- Payne, James R.
Entry Personal Name
001 - CONTROL NUMBER
- control field: 6792
003 - CONTROL NUMBER IDENTIFIER
- control field: NUST
005 - DATE AND TIME OF LATEST TRANSACTION
- control field: 20171124144127.0
008 - FIXED-LENGTH DATA ELEMENTS
- fixed length control field: 171124|| aca||aabn | a|a d
040 ## - CATALOGING SOURCE
- Original cataloging agency: NUST
- Transcribing agency: NUST
100 ## - HEADING--PERSONAL NAME
- Personal name: Payne, James R.
670 ## - SOURCE DATA FOUND
- Source citation: Work cat.: (NUST)0: Clayton, John R. (John Robert), 1947- 6789, Oil spill dispersants :, c1993.
